000
00298nam a2200109Ia 4500
008
220204s9999 xx 000 0 und d
082
_a
678.686
_b
RAN
100
_a
Ranney, William M
245
0
_a
Epoxy resins and products: Recent developments
260
_a
New Jersey
_b
Noyes Data
_c
1977
942
_c
BK
999
_c
30111
_d
30111